000 01111nam a2200313 i 4500
001 1248
003 KOSZ 005
005 20210611142133.0
008 071114s1968 pl a f f 001 0 pol
015 _aPB 1968/9034
040 _aWA N
_cWAN
_dKOSZ 005/RW
_dKOSZ 005/HR
046 _k1968
080 _a528
080 _a(075)
100 1 _aChojnicki, Wilhelm
_eAutor
245 1 0 _aGeodezyjny rachunek wyrównania w zadaniach /
_cWilhelm Chojnicki.
260 _aWarszawa :
_bPaństwowe Przedsiębiorstwo Wydawnictw Kartograficznych,
_c1968.
300 _a172, [1] s. :
_bil. ;
_c24 cm.
380 _aKsiążki
504 _aBibliogr. s. 163-[164].
521 8 _aDla uczniów i nauczycieli technikum.
650 4 _aGeodezja
650 4 _aRachunek wyrównawczy
655 4 _aPodręczniki dla szkół zawodowych
658 _aGeografia i nauki o Ziemi
710 2 _aPaństwowe Przedsiębiorstwo Wydawnictw Kartograficznych
_4pbl.
856 _uhttp://koha.tu.koszalin.pl/cgi-bin/koha/opac-detail.pl?biblionumber=11248
_yKatalog online BPK
942 _2UKD
_cKS
999 _c11248
_d11248